| Tag |
First Indicator |
Second Indicator |
Subfields |
| LEADER |
00000cam a2200000 4500 |
| 001 |
in00000043179 |
| 005 |
20151007070906.0 |
| 008 |
750328s1963 njua 00010 eng u |
| 010 |
|
|
|a 63004937
|
| 035 |
|
|
|a (OCoLC)01242584
|
| 035 |
|
|
|9 AAE4920AM
|
| 040 |
|
|
|c ICU
|d TXA
|d UtOrBLW
|
| 049 |
|
|
|a TXAM
|c [400349]
|
| 050 |
0 |
0 |
|a QD33
|b .H759
|
| 082 |
0 |
|
|a 450
|
| 092 |
|
|
|a 540
|b H716ch, 1963
|
| 100 |
1 |
|
|a Hogg, John Clarence,
|d 1893-
|
| 245 |
1 |
0 |
|a Chemistry, a modern approach /
|c [by] John C. Hogg [and others].
|
| 264 |
|
1 |
|a Princeton, N.J. :
|b Van Nostrand,
|c [1963]
|
| 300 |
|
|
|a 505 pages :
|b illustrations ;
|c 25 cm.
|
| 336 |
|
|
|a text
|b txt
|2 rdacontent
|
| 337 |
|
|
|a unmediated
|b n
|2 rdamedia
|
| 338 |
|
|
|a volume
|b nc
|2 rdacarrier
|
| 490 |
1 |
|
|a Science program
|
| 650 |
|
0 |
|a Chemistry.
|
| 830 |
|
0 |
|a Science program.
|
| 999 |
|
|
|a MARS
|
| 999 |
f |
f |
|s c480dcae-fa78-35b7-a648-2248bf2b9765
|i 263033ea-d2b3-3393-b9ce-85961173e235
|t 0
|
| 952 |
f |
f |
|p ric
|a Texas A&M University
|b Rellis Campus
|c Joint Library Facility
|d Remote Storage
|t 0
|e QD33 .H759
|h Library of Congress classification
|i unmediated -- volume
|m A14800931517
|
| 998 |
f |
f |
|a QD33 .H759
|t 0
|l Remote Storage
|